[Event "Lindores Abbey Final 8"]
[Site "chess24.com INT"]
[Date "2020.05.25"]
[Round "1.23"]
[White "Nakamura, Hikaru"]
[Black "Aronian, Levon"]
[Result "1/2-1/2"]
[WhiteTitle "GM"]
[BlackTitle "GM"]
[WhiteElo "2736"]
[BlackElo "2773"]
[WhiteFideId "2016192"]
[BlackFideId "13300474"]
[EventDate "2020.05.23"]

1. e4 e5 2. Nf3 Nf6 3. Nxe5 d6 4. Nf3 Nxe4 5. d4 d5 6. Bd3 Bd6 7. O-O O-O 8. c4
c6 9. Nc3 Nxc3 10. bxc3 dxc4 11. Bxc4 Bf5 12. Bg5 Qa5 13. Re1 Nd7 14. Nh4 Rae8
15. Nxf5 Qxf5 16. Be3 Nf6 17. Bd3 Qd7 18. Qf3 Qg4 19. Qxg4 Nxg4 20. g3 Nxe3 21.
Rxe3 c5 22. Be4 cxd4 23. cxd4 Re7 24. Rae1 g6 25. Bd5 Rd7 26. Bb3 Bb4 27. Rd1
Kg7 28. d5 Bc5 29. Rc3 b6 30. Ba4 Rd6 31. Kg2 Rc8 32. Bc6 Rc7 33. Rc2 Re7 34.
Rdd2 Rd8 35. Re2 Kf8 36. a4 Rc8 37. Rxe7 Kxe7 38. a5 Kd6 39. axb6 Bxb6 40. f4
Rc7 41. Kf3 Re7 42. Re2 Rxe2 43. Kxe2 a5 1/2-1/2

[Event "Lindores Abbey Final 8"]
[Site "chess24.com INT"]
[Date "2020.05.25"]
[Round "1.23"]
[White "Ding, Liren"]
[Black "Yu, Yangyi"]
[Result "1/2-1/2"]
[WhiteTitle "GM"]
[BlackTitle "GM"]
[WhiteElo "2791"]
[BlackElo "2709"]
[WhiteFideId "8603677"]
[BlackFideId "8603820"]
[EventDate "2020.05.23"]

1. d4 d5 2. c4 dxc4 3. Nf3 Nf6 4. e3 e6 5. Bxc4 c5 6. O-O a6 7. Nbd2 Nc6 8. dxc5
Bxc5 9. a3 b5 10. Be2 Bb7 11. b4 Be7 12. Bb2 O-O 13. Nb3 a5 14. Nc5 Bxc5 15.
bxc5 Qxd1 16. Rfxd1 b4 17. axb4 axb4 18. Nd2 Na5 19. Ra4 Nd5 20. Rda1 Nc3 21.
Bxc3 bxc3 22. Rxa5 cxd2 23. f3 Rxa5 24. Rxa5 Bd5 25. Bd1 f5 26. Kf2 Rd8 27. Ra4
Rb8 28. Ke2 Rb5 29. e4 fxe4 30. fxe4 Bc6 31. Rc4 Rb2 32. Rc2 Rb4 33. Kxd2 Bxe4
34. Rc3 Bxg2 35. c6 Bxc6 36. Rxc6 Rh4 37. Rxe6 Rxh2+ 38. Re2 Rxe2+ 39. Bxe2 g6
40. Ke3 Kg7 41. Kf4 Kf6 1/2-1/2

[Event "Lindores Abbey Final 8"]
[Site "chess24.com INT"]
[Date "2020.05.25"]
[Round "1.24"]
[White "Aronian, Levon"]
[Black "Nakamura, Hikaru"]
[Result "0-1"]
[WhiteTitle "GM"]
[BlackTitle "GM"]
[WhiteElo "2773"]
[BlackElo "2736"]
[WhiteFideId "13300474"]
[BlackFideId "2016192"]
[EventDate "2020.05.23"]

1. e4 e5 2. Nf3 Nc6 3. Bb5 Nf6 4. d3 Bc5 5. Bxc6 dxc6 6. O-O Bd6 7. Bg5 h6 8.
Bh4 Bg4 9. Nbd2 g5 10. Bg3 Nh5 11. Nc4 Nxg3 12. fxg3 Qe7 13. c3 O-O-O 14. b4 Kb8
15. a3 h5 16. Ne3 Bc8 17. c4 f5 18. Nxf5 Bxf5 19. exf5 e4 20. Re1 e3 21. Qc1 g4
22. Nh4 Rhe8 23. c5 Be5 24. Qxe3 Qd7 25. Qc1 Bd4+ 26. Kh1 Rxe1+ 27. Qxe1 Bxa1
28. Qxa1 Qxd3 0-1

[Event "Lindores Abbey Final 8"]
[Site "chess24.com INT"]
[Date "2020.05.25"]
[Round "1.24"]
[White "Yu, Yangyi"]
[Black "Ding, Liren"]
[Result "1/2-1/2"]
[WhiteTitle "GM"]
[BlackTitle "GM"]
[WhiteElo "2709"]
[BlackElo "2791"]
[WhiteFideId "8603820"]
[BlackFideId "8603677"]
[EventDate "2020.05.23"]

1. e4 e5 2. Nf3 Nc6 3. Bc4 Nf6 4. Ng5 d5 5. exd5 Na5 6. Bb5+ c6 7. dxc6 bxc6 8.
Qf3 cxb5 9. Qxa8 Be7 10. O-O h6 11. Ne4 Qd7 12. Nxf6+ gxf6 13. Qe4 Rg8 14. f3
Bc5+ 15. d4 Bxd4+ 16. Be3 Qh3 17. Rf2 Bb7 18. Qh7 Rxg2+ 19. Rxg2 Bxe3+ 20. Kh1
Qxf3 21. Qg8+ Ke7 22. Nc3 Bg5 23. Rg1 Qf2 24. Qb8 Bxg2+ 25. Rxg2 Qf1+ 26. Rg1
Qf3+ 27. Rg2 Qf1+ 28. Rg1 Qf3+ 29. Rg2 Qf1+ 1/2-1/2

[Event "Lindores Abbey Final 8"]
[Site "chess24.com INT"]
[Date "2020.05.26"]
[Round "1.21"]
[White "Karjakin, Sergey"]
[Black "Dubov, Daniil"]
[Result "1-0"]
[WhiteTitle "GM"]
[BlackTitle "GM"]
[WhiteElo "2752"]
[BlackElo "2699"]
[WhiteFideId "14109603"]
[BlackFideId "24126055"]
[EventDate "2020.05.23"]

1. e4 Nc6 2. d4 d5 3. e5 Bf5 4. c3 e6 5. Be3 f6 6. f4 fxe5 7. fxe5 Nh6 8. Nf3
Be7 9. Bxh6 gxh6 10. Bd3 Bxd3 11. Qxd3 Kd7 12. Nbd2 Qg8 13. O-O Qg6 14. Qxg6
hxg6 15. Ne1 a5 16. a4 Raf8 17. Nd3 b6 18. g3 h5 19. Kg2 Bg5 20. Nf3 Bh6 21. h3
Ne7 22. g4 Bf4 23. Nxf4 Rxf4 24. Ng5 Rxf1 25. Rxf1 hxg4 26. hxg4 c5 27. Rf6 cxd4
28. cxd4 Rc8 29. Rxe6 Rc6 30. Rxc6 Nxc6 31. Nf3 Nd8 32. Kf2 Ne6 33. Ke3 g5 34.
Kd2 Kc6 35. Kc3 b5 36. axb5+ Kxb5 37. Kb3 a4+ 38. Ka3 Ka5 39. b3 axb3 40. Kxb3
Kb5 41. Kc3 Ka5 42. Ne1 Nf4 43. Ng2 Ne6 44. Ne3 Nc7 45. e6 Kb5 46. e7 Kc6 47.
Kb4 Kd6 48. Nf5+ Kd7 49. Kc5 Ne8 50. Ne3 Nf6 51. e8=Q+ Kxe8 52. Kd6 Kf7 53. Ke5
Kg6 54. Ke6 Kg7 55. Kf5 Ne4 56. Nxd5 Nd6+ 57. Ke6 Nc4 58. Ne7 Kf8 59. d5 Na5 60.
Ng6+ Ke8 61. d6 Nb3 62. Ne5 Nd4+ 63. Kf6 Nb5 64. d7+ Kd8 65. Kxg5 Ke7 66. Kh6
Nd4 67. g5 Ne6 68. g6 Kf8 69. Nc6 1-0

[Event "Lindores Abbey Final 8"]
[Site "chess24.com INT"]
[Date "2020.05.26"]
[Round "1.21"]
[White "So, Wesley"]
[Black "Carlsen, Magnus"]
[Result "0-1"]
[WhiteTitle "GM"]
[BlackTitle "GM"]
[WhiteElo "2770"]
[BlackElo "2863"]
[WhiteFideId "5202213"]
[BlackFideId "1503014"]
[EventDate "2020.05.23"]

1. e4 e5 2. Nf3 Nc6 3. Bb5 Nf6 4. d3 Bc5 5. c3 O-O 6. O-O d6 7. h3 a6 8. Ba4 b5
9. Bc2 Bb6 10. Re1 Ne7 11. d4 Ng6 12. Nbd2 Re8 13. Nf1 Bb7 14. Ng3 h6 15. Bd2 c5
16. dxe5 dxe5 17. Qc1 c4 18. Nf5 Re6 19. Be3 Bxe3 20. Qxe3 Qc7 21. Rad1 Rae8 22.
Rd2 Nf4 23. Kh2 Rd8 24. Rxd8+ Qxd8 25. Nxe5 Nxg2 26. Qg3 Nh5 27. Qxg2 Rxe5 28.
Nxh6+ Kf8 29. Ng4 Re6 30. Qf3 Qd2 31. Re2 Qd6+ 32. Kg1 Nf4 33. Re1 f5 34. Ne3
fxe4 35. Qg3 Nd3 36. Qxd6+ Rxd6 37. Rd1 Rg6+ 38. Kf1 Bc8 39. h4 Bh3+ 40. Ke2 Rf6
41. Bxd3 exd3+ 42. Ke1 Rf4 43. b3 Be6 44. bxc4 Bxc4 45. a4 Rxh4 46. axb5 axb5
47. Kd2 Kf7 48. Ra1 Rf4 49. Ra7+ Kf6 50. Ra6+ Kg5 51. Ke1 d2+ 52. Kxd2 Rxf2+ 53.
Kd1 Rf4 54. Rc6 Kh5 55. Rc8 g5 56. Rh8+ Kg6 57. Ke1 g4 58. Rh4 Kg5 59. Rh7 Rf3
60. Kd2 Rf2+ 61. Kd1 g3 0-1

[Event "Lindores Abbey Final 8"]
[Site "chess24.com INT"]
[Date "2020.05.26"]
[Round "1.22"]
[White "Dubov, Daniil"]
[Black "Karjakin, Sergey"]
[Result "1-0"]
[WhiteTitle "GM"]
[BlackTitle "GM"]
[WhiteElo "2699"]
[BlackElo "2752"]
[WhiteFideId "24126055"]
[BlackFideId "14109603"]
[EventDate "2020.05.23"]

1. d4 Nf6 2. c4 e6 3. Nf3 d5 4. g3 Be7 5. Bg2 O-O 6. O-O dxc4 7. Qc2 a6 8. a4
Bd7 9. Bg5 Bc6 10. e3 Nbd7 11. Nbd2 h6 12. Bxf6 Nxf6 13. Nxc4 Be4 14. Qe2 Bb4
15. Rfd1 Qd5 16. Rac1 Rfd8 17. Nce5 Rac8 18. Nd3 Bf8 19. Nfe1 Bxg2 20. Nxg2 Qb3
21. Qc2 Qxc2 22. Rxc2 a5 23. Rdc1 c6 24. Nge1 Nd5 25. Nf3 h5 26. Nd2 Nb4 27.
Nxb4 Bxb4 28. Nc4 f6 29. h3 Kf7 30. Kg2 Rg8 31. b3 Rcd8 32. Rf1 g5 33. g4 Rh8
34. Nb2 hxg4 35. hxg4 Rh4 36. Kf3 Rh3+ 37. Ke2 Rh4 38. Rg1 Be7 39. Nd3 Rd5 40.
Rb2 Rd7 41. Rbb1 Kg6 42. Rbc1 Rd8 43. Rb1 Rd7 44. Rh1 Rxh1 45. Rxh1 Rd8 46. f4
Bd6 47. fxg5 fxg5 48. Kf3 Kg7 49. Ke4 Be7 50. Ne5 Rd5 51. Rf1 Bf6 52. Nd3 Be7
53. Ne5 Bf6 54. Nc4 Bd8 55. Rb1 Bc7 56. b4 axb4 57. Rxb4 b5 58. Nb2 Ba5 59. Rb3
Kf6 60. Nd3 bxa4 61. Ra3 Rb5 62. Rxa4 Kg7 63. Rc4 Kf6 64. Rxc6 Rb6 65. Rc5 Bb4
66. Rc1 Bd6 67. Rf1+ Ke7 68. Rh1 Ra6 69. Rh7+ Kf6 70. Rh6+ Kf7 71. Ne1 Bf8 72.
Rh5 Be7 73. Nf3 Kg6 74. Rh1 Bf6 75. Rc1 Ra3 76. Rc6 Kf7 77. Rb6 Ra5 78. Ne1 Ra1
79. Nd3 Rg1 80. Ne5+ Ke7 81. Rb7+ Ke8 82. Nd7 Kf7 83. Nc5+ Be7 84. Ke5 Rxg4 85.
Nxe6 Rg3 86. e4 g4 87. d5 Ra3 88. Nd4 Kf8 89. d6 Ra5+ 90. Ke6 Bxd6 91. Kxd6 g3
92. Ne6+ Ke8 93. Re7# 1-0

[Event "Lindores Abbey Final 8"]
[Site "chess24.com INT"]
[Date "2020.05.26"]
[Round "1.22"]
[White "Carlsen, Magnus"]
[Black "So, Wesley"]
[Result "1/2-1/2"]
[WhiteTitle "GM"]
[BlackTitle "GM"]
[WhiteElo "2863"]
[BlackElo "2770"]
[WhiteFideId "1503014"]
[BlackFideId "5202213"]
[EventDate "2020.05.23"]

1. e4 e5 2. Nf3 Nc6 3. Bb5 Nf6 4. O-O Nxe4 5. Re1 Nd6 6. Nxe5 Be7 7. Bf1 Nxe5 8.
Rxe5 O-O 9. d4 Bf6 10. Re1 Re8 11. c3 Rxe1 12. Qxe1 Ne8 13. Bf4 d5 14. Bd3 g6
15. Nd2 Ng7 16. Nf3 Bf5 17. Bxf5 Nxf5 18. Qe2 c6 19. Re1 Ng7 20. Be5 Bxe5 21.
Nxe5 Qd6 22. Qf3 f6 23. Nd3 Re8 24. Rxe8+ Nxe8 25. Qe3 Kf7 26. Qh6 Kg8 27. Qe3
Kf7 28. Qh6 Kg8 29. Qe3 1/2-1/2

[Event "Lindores Abbey Final 8"]
[Site "chess24.com INT"]
[Date "2020.05.26"]
[Round "1.23"]
[White "Karjakin, Sergey"]
[Black "Dubov, Daniil"]
[Result "0-1"]
[WhiteTitle "GM"]
[BlackTitle "GM"]
[WhiteElo "2752"]
[BlackElo "2699"]
[WhiteFideId "14109603"]
[BlackFideId "24126055"]
[EventDate "2020.05.23"]

1. e4 d5 2. exd5 Qxd5 3. Nc3 Qd6 4. d4 Nf6 5. Nf3 Nc6 6. Nb5 Qd8 7. Bf4 Nd5 8.
Bg3 a6 9. Na3 e5 10. dxe5 Bb4+ 11. Nd2 h5 12. h4 Bg4 13. Be2 Bxa3 14. Bxg4 Bxb2
15. Bxh5 Bxa1 16. e6 g6 17. Bf3 Bf6 18. exf7+ Kxf7 19. Be4 Nc3 20. Qg4 Nxe4 21.
Nxe4 Qc8 22. Qf4 Qf5 23. Qxc7+ Kg8 24. f3 Rh7 25. Qd6 Re8 26. O-O Bd4+ 27. Bf2
Rd7 28. Qa3 Rxe4 0-1

[Event "Lindores Abbey Final 8"]
[Site "chess24.com INT"]
[Date "2020.05.26"]
[Round "1.23"]
[White "So, Wesley"]
[Black "Carlsen, Magnus"]
[Result "0-1"]
[WhiteTitle "GM"]
[BlackTitle "GM"]
[WhiteElo "2770"]
[BlackElo "2863"]
[WhiteFideId "5202213"]
[BlackFideId "1503014"]
[EventDate "2020.05.23"]

1. Nf3 d5 2. d4 Nf6 3. c4 e6 4. g3 dxc4 5. Bg2 Bb4+ 6. Bd2 a5 7. O-O O-O 8. Na3
Bxa3 9. bxa3 b5 10. Qb1 c6 11. e4 h6 12. g4 Nh7 13. h4 e5 14. Nxe5 Qxd4 15. Bf4
Re8 16. Qc1 Qc5 17. Rd1 Na6 18. Nxc6 Qxc6 19. e5 Qc5 20. Bxa8 Bxg4 21. Be3 Qxe5
22. Rd4 Nf6 23. Bc6 Re6 24. Bg2 Nc5 25. Qc3 Kh7 26. Qxa5 Nd3 27. Rb1 Qf5 28.
Rxb5 Qg6 29. Qa8 Ne5 30. Rd8 Ne8 31. Rxe8 Rxe8 32. Qxe8 Nf3+ 33. Kh1 Qd3 34. Bd2
Qxd2 0-1

[Event "Lindores Abbey Final 8"]
[Site "chess24.com INT"]
[Date "2020.05.26"]
[Round "1.24"]
[White "Dubov, Daniil"]
[Black "Karjakin, Sergey"]
[Result "0-1"]
[WhiteTitle "GM"]
[BlackTitle "GM"]
[WhiteElo "2699"]
[BlackElo "2752"]
[WhiteFideId "24126055"]
[BlackFideId "14109603"]
[EventDate "2020.05.23"]

1. d4 Nf6 2. c4 d6 3. Nf3 g6 4. Nc3 Bf5 5. e3 Bg7 6. Bd3 Bg4 7. O-O O-O 8. h3
Bxf3 9. Qxf3 c6 10. b3 Nbd7 11. Bb2 e5 12. dxe5 dxe5 13. Qe2 Re8 14. Rfd1 Qc7
15. Ne4 Nxe4 16. Bxe4 Nc5 17. Bc2 a5 18. Ba3 Bf8 19. Rd2 e4 20. Rad1 Qe5 21.
Bxc5 Bxc5 22. Rd7 b6 23. g3 h5 24. h4 Re6 25. Rd8+ Rxd8 26. Rxd8+ Kg7 27. Kg2
Qb2 28. Bd1 Qf6 29. Qd2 Re5 30. Rd7 Rf5 31. Bc2 Qe5 32. Qd1 Rf6 33. Rd2 Kh6 34.
Qb1 Re6 35. Rd8 Qf6 36. Qd1 Bd6 37. Rd7 Bc5 38. Rd8 Kg7 39. Rd7 Re8 40. Kg1 Qb2
41. Rd2 Qe5 42. Rd7 Bxe3 43. fxe3 Qxg3+ 44. Kf1 Re6 45. Ke2 Qg2+ 46. Ke1 Rf6 47.
Qd4 Qxc2 48. Rd6 Qf2+ 49. Kd1 Qg1+ 50. Kc2 Qh2+ 0-1

[Event "Lindores Abbey Final 8"]
[Site "chess24.com INT"]
[Date "2020.05.26"]
[Round "1.25"]
[White "Dubov, Daniil"]
[Black "Karjakin, Sergey"]
[Result "0-1"]
[WhiteTitle "GM"]
[BlackTitle "GM"]
[WhiteElo "2699"]
[BlackElo "2752"]
[WhiteFideId "24126055"]
[BlackFideId "14109603"]
[EventDate "2020.05.23"]

1. d4 Nf6 2. c4 e6 3. Nf3 d5 4. Nc3 Be7 5. Bg5 O-O 6. e3 h6 7. Bxf6 Bxf6 8. cxd5
exd5 9. Qb3 c6 10. Bd3 Re8 11. h3 Nd7 12. O-O Nf8 13. Rae1 Ne6 14. Nh2 h5 15. f4
c5 16. Bb5 cxd4 17. Nxd5 Rf8 18. e4 Bh4 19. Rc1 a6 20. Bd3 Bg3 21. f5 Nc7 22.
Nb6 Rb8 23. Nf3 Nb5 24. Nd5 Nc7 25. Nxc7 Bxc7 26. e5 b5 27. Qc2 Ba5 28. Qe2 Bb7
29. f6 Qd5 30. Nh4 g6 31. Nf5 Rbe8 32. Ne7+ Rxe7 33. fxe7 Re8 34. e6 f5 35. a4
Rxe7 36. axb5 Rxe6 37. Qf3 Qxf3 38. gxf3 axb5 39. Bxb5 Rb6 40. Bc4+ Kf8 41. b3
Bd2 42. Ra1 Be3+ 43. Kg2 g5 44. Ra7 g4 45. hxg4 hxg4 46. Be2 Rxb3 47. Ra5 f4 48.
Rh1 gxf3+ 49. Bxf3 Rb2+ 50. Kh3 Bxf3 51. Rha1 Rb7 52. Rf5+ Rf7 0-1

[Event "Lindores Abbey Final 8"]
[Site "chess24.com INT"]
[Date "2020.05.27"]
[Round "1.31"]
[White "Yu, Yangyi"]
[Black "Ding, Liren"]
[Result "1/2-1/2"]
[WhiteTitle "GM"]
[BlackTitle "GM"]
[WhiteElo "2709"]
[BlackElo "2791"]
[WhiteFideId "8603820"]
[BlackFideId "8603677"]
[EventDate "2020.05.23"]

1. d4 Nf6 2. c4 e6 3. Nc3 Bb4 4. e3 O-O 5. Bd3 d5 6. a3 Bxc3+ 7. bxc3 dxc4 8.
Bxc4 c5 9. Ne2 Qc7 10. Bd3 b6 11. e4 Ba6 12. O-O Bxd3 13. Qxd3 Nbd7 14. f3 Rac8
15. Be3 Rfd8 16. Rfc1 h6 17. a4 Qc6 18. Qb5 Ne8 19. Bf4 Qb7 20. Qb3 Nb8 21. a5
b5 22. c4 b4 23. d5 Qe7 24. Ra2 Nd7 25. Rd2 e5 26. Be3 Nd6 27. Ng3 a6 28. Re1
Rf8 29. Rde2 f6 30. Bc1 Qf7 31. Qd3 Rfe8 32. h3 h5 33. Nf5 Qf8 34. g4 Kf7 35.
Rg2 hxg4 36. fxg4 Nxf5 37. gxf5 Ke7 38. d6+ Kd8 39. Qd5 Qg8 40. Qb7 Qxc4 41.
Rxg7 Qd4+ 42. Be3 Qxd6 43. Re2 Rc7 44. Qa8+ Rc8 45. Qb7 Rc7 46. Qa8+ Rc8 47. Qb7 1/2-1/2

[Event "Lindores Abbey Final 8"]
[Site "chess24.com INT"]
[Date "2020.05.27"]
[Round "1.32"]
[White "Ding, Liren"]
[Black "Yu, Yangyi"]
[Result "0-1"]
[WhiteTitle "GM"]
[BlackTitle "GM"]
[WhiteElo "2791"]
[BlackElo "2709"]
[WhiteFideId "8603677"]
[BlackFideId "8603820"]
[EventDate "2020.05.23"]

1. d4 d5 2. c4 dxc4 3. Nf3 Nf6 4. e3 Bg4 5. Bxc4 e6 6. h3 Bh5 7. Nc3 Nbd7 8. O-O
Be7 9. e4 O-O 10. g4 Bg6 11. Qe2 c6 12. a4 Bb4 13. g5 Ne8 14. Nh4 Nb6 15. Bb3
Qxd4 16. a5 Nc8 17. Ra4 Qd6 18. f4 b5 19. Ra1 Ne7 20. Kg2 Qd7 21. Rd1 Qc8 22.
Be3 Nd6 23. Nxg6 Nxg6 24. Na2 Bc5 25. Rac1 Nxe4 26. Kf3 e5 27. Bxc5 Nxc5 28.
Rxc5 Qxh3+ 29. Kf2 Qxb3 30. Nc3 Nxf4 31. Qxe5 Qxd1 0-1

[Event "Lindores Abbey Final 8"]
[Site "chess24.com INT"]
[Date "2020.05.27"]
[Round "1.32"]
[White "Karjakin, Sergey"]
[Black "Dubov, Daniil"]
[Result "0-1"]
[WhiteTitle "GM"]
[BlackTitle "GM"]
[WhiteElo "2752"]
[BlackElo "2699"]
[WhiteFideId "14109603"]
[BlackFideId "24126055"]
[EventDate "2020.05.23"]

1. e4 e5 2. Nf3 d6 3. d4 exd4 4. Qxd4 Nc6 5. Bb5 Bd7 6. Qd3 Nb4 7. Bxd7+ Qxd7 8.
Qb3 d5 9. a3 dxe4 10. axb4 exf3 11. O-O fxg2 12. Re1+ Be7 13. Ra5 Kf8 14. Nd2
Nf6 15. Nc4 Bd6 16. Bg5 Re8 17. Rxe8+ Nxe8 18. Rxa7 h6 19. Bd2 Qb5 20. Ra8 Kg8
21. Qd3 Bf8 22. Bc3 f6 23. b3 Qh5 24. Qe4 Nd6 25. Nxd6 cxd6 26. Rb8 d5 27. Qe6+
Kh7 28. Rxb7 Qd1+ 29. Kxg2 Qxc2 30. Qxf6 d4 31. Qxd4 Qg6+ 32. Kf1 Qa6+ 33. b5
Qxb7 34. Qd3+ Kg8 35. Be5 Be7 36. Qc4+ Kf8 37. Bd4 h5 38. b6 Rh6 39. Qd3 Qh1+
40. Ke2 Re6+ 41. Be3 Qe4 42. Qb5 Qc2+ 43. Ke1 Rxe3+ 0-1

[Event "Lindores Abbey Final 8"]
[Site "chess24.com INT"]
[Date "2020.05.27"]
[Round "1.33"]
[White "Yu, Yangyi"]
[Black "Ding, Liren"]
[Result "0-1"]
[WhiteTitle "GM"]
[BlackTitle "GM"]
[WhiteElo "2709"]
[BlackElo "2791"]
[WhiteFideId "8603820"]
[BlackFideId "8603677"]
[EventDate "2020.05.23"]

1. d4 Nf6 2. c4 e6 3. Nc3 Bb4 4. e3 O-O 5. Bd3 d5 6. a3 Bxc3+ 7. bxc3 dxc4 8.
Bxc4 c5 9. Ne2 Qc7 10. Bd3 Nc6 11. O-O e5 12. Ng3 Be6 13. Nh5 Nxh5 14. Qxh5 h6
15. Rb1 Rad8 16. Re1 Rfe8 17. Bb2 cxd4 18. cxd4 exd4 19. exd4 Nxd4 20. Rbd1 Bb3
21. Rc1 Rxe1+ 22. Rxe1 Be6 23. h3 Qb6 24. Bc3 Qb3 25. Re3 Rd5 26. Qh4 Qxc3 27.
Bh7+ Kxh7 28. Rxc3 Ne2+ 29. Kh2 Nxc3 30. Qc4 Nb5 31. a4 Nd6 32. Qc7 a6 33. a5 h5
34. f3 h4 35. Qe7 Nf5 36. Qb4 Rb5 37. Qc3 Rb3 38. Qc2 Ra3 39. Qc7 Ra2 40. Qe5 g6
41. Qc5 Re2 42. Qb4 Ra2 43. Qc5 Ra1 44. Qc3 Rf1 45. Qb4 g5 46. Qe4 Kh6 47. Qe5
Kg6 48. Qe4 Kf6 49. Qd3 Ng3 50. Qd8+ Kf5 51. Qd3+ Ke5 52. Qe3+ Kf6 53. Qd4+ Kg6
54. Qd3+ Kh6 0-1

[Event "Lindores Abbey Final 8"]
[Site "chess24.com INT"]
[Date "2020.05.27"]
[Round "1.33"]
[White "Dubov, Daniil"]
[Black "Karjakin, Sergey"]
[Result "1-0"]
[WhiteTitle "GM"]
[BlackTitle "GM"]
[WhiteElo "2699"]
[BlackElo "2752"]
[WhiteFideId "24126055"]
[BlackFideId "14109603"]
[EventDate "2020.05.23"]

1. d4 Nf6 2. c4 d6 3. Nc3 Bf5 4. f3 Bd7 5. e4 e5 6. Nge2 Be7 7. Be3 c5 8. d5 Nh5
9. Qd2 h6 10. O-O-O Bg5 11. g3 Bxe3 12. Qxe3 a6 13. f4 Nf6 14. h3 Qe7 15. Ng1 b5
16. fxe5 dxe5 17. d6 Qe6 18. Qxc5 O-O 19. Nf3 Nc6 20. Qe3 bxc4 21. Nd5 Rac8 22.
Nc7 Rxc7 23. dxc7 Rc8 24. Kb1 Rxc7 25. Rh2 c3 26. bxc3 Na5 27. Rb2 Bb5 28. Nd2
Bxf1 29. Rxf1 Nc4 30. Nxc4 Rxc4 31. Qd3 Ra4 32. Qc2 Qc4 33. Re1 Nxe4 34. Ka1 g6
35. Qb3 Qc6 36. Qb8+ Kh7 37. Qxe5 Nxc3 38. Rc2 Ra3 39. Qe7 1-0

[Event "Lindores Abbey Final 8"]
[Site "chess24.com INT"]
[Date "2020.05.27"]
[Round "1.34"]
[White "Ding, Liren"]
[Black "Yu, Yangyi"]
[Result "1/2-1/2"]
[WhiteTitle "GM"]
[BlackTitle "GM"]
[WhiteElo "2791"]
[BlackElo "2709"]
[WhiteFideId "8603677"]
[BlackFideId "8603820"]
[EventDate "2020.05.23"]

1. d4 d5 2. c4 dxc4 3. e4 Nf6 4. e5 Nd5 5. Bxc4 Nc6 6. Nc3 Nb6 7. Bb5 Bd7 8.
Nge2 e6 9. a3 Ne7 10. Bd3 Bc6 11. O-O Qd7 12. b4 a6 13. Ne4 Nf5 14. Be3 Nd5 15.
Qd2 Bb5 16. Bc2 Be7 17. Rfd1 O-O 18. N2c3 Bc6 19. Nxd5 Bxd5 20. Nc3 c6 21. Qd3
g6 22. Qd2 Nxe3 23. fxe3 a5 24. Ne2 axb4 25. axb4 f5 26. exf6 Bxf6 27. Rxa8 Rxa8
28. Qc3 b5 29. Bd3 Ra2 30. Rf1 Bg5 31. e4 Be3+ 32. Kh1 Bxe4 33. Bxe4 Rxe2 34.
Bxc6 Qxd4 35. Qxd4 Bxd4 36. Bxb5 Rb2 37. Bc4 Rxb4 38. Bxe6+ Kg7 39. g3 1/2-1/2

[Event "Lindores Abbey Final 8"]
[Site "chess24.com INT"]
[Date "2020.05.27"]
[Round "1.35"]
[White "Yu, Yangyi"]
[Black "Ding, Liren"]
[Result "1/2-1/2"]
[WhiteTitle "GM"]
[BlackTitle "GM"]
[WhiteElo "2709"]
[BlackElo "2791"]
[WhiteFideId "8603820"]
[BlackFideId "8603677"]
[EventDate "2020.05.23"]

1. d4 Nf6 2. Nc3 d5 3. Bf4 c5 4. e3 cxd4 5. exd4 a6 6. Nf3 Bg4 7. Be2 Bxf3 8.
Bxf3 Nc6 9. Ne2 e6 10. O-O Bd6 11. c3 O-O 12. Bg5 Be7 13. Nc1 b5 14. a3 Na5 15.
Nd3 Nc4 16. Qe2 a5 17. a4 Qb6 18. b3 Nd6 19. Nc5 Ra7 20. Rfb1 Rb8 21. g3 bxa4
22. Nxa4 Qd8 23. Bf4 Rc8 24. Nc5 Nf5 25. Nxe6 Qb6 26. Nc5 Bxc5 27. dxc5 Qxc5 28.
b4 axb4 29. cxb4 Rxa1 30. bxc5 Rxb1+ 31. Kg2 Rb4 32. Qa6 Re8 33. Bg5 Ne4 34. Qc6
Rbb8 35. Bf4 Rbd8 36. Bc7 Rc8 37. Bg4 Nd4 38. Qxd5 Rxc7 39. Qxd4 Nxc5 40. Qd6
Rcc8 41. Bxc8 Rxc8 42. f4 Ne6 43. f5 Nf8 44. h4 h6 45. g4 Nh7 46. Kg3 Nf6 47.
Qd4 Rc3+ 48. Kf2 Rc8 49. g5 hxg5 50. hxg5 Nh7 51. Qe3 Nf8 52. Kg3 g6 53. f6 Ne6
54. Qe5 Rd8 55. Qb5 Rc8 56. Kg4 Rd8 57. Qb6 Rc8 58. Qb7 Rd8 59. Qh1 Rf8 60. Kg3
Rd8 61. Kg4 Rf8 62. Qb7 Rd8 63. Qe7 Rf8 64. Kg3 Rd8 65. Kg4 Rf8 66. Qd6 Rd8 67.
Qe7 1/2-1/2

[Event "Lindores Abbey Final 8"]
[Site "chess24.com INT"]
[Date "2020.05.28"]
[Round "2.11"]
[White "Carlsen, Magnus"]
[Black "Nakamura, Hikaru"]
[Result "1-0"]
[WhiteTitle "GM"]
[BlackTitle "GM"]
[WhiteElo "2863"]
[BlackElo "2736"]
[WhiteFideId "1503014"]
[BlackFideId "2016192"]
[EventDate "2020.05.23"]

1. e4 e5 2. Nf3 Nc6 3. d4 exd4 4. Nxd4 Bc5 5. Nxc6 Qf6 6. Qf3 dxc6 7. Nc3 Be6 8.
Be3 Bb4 9. O-O-O Qxf3 10. gxf3 Ne7 11. h4 Bxc3 12. bxc3 Rd8 13. Rxd8+ Kxd8 14.
h5 f5 15. c4 Rf8 16. Rg1 Rf7 17. a4 a6 18. a5 g6 19. Rg5 Rf6 20. hxg6 Rxg6 21.
c5 Ke8 22. Bd3 Rxg5 23. Bxg5 h5 24. Kd2 Kf8 25. Ke3 Kf7 26. Bxe7 Kxe7 27. e5 h4
28. f4 Kd7 29. f3 b6 30. axb6 cxb6 31. Bxa6 b5 32. Kf2 Kc7 33. Kg2 Kb8 34. Kh3
Ka7 35. Kxh4 Kxa6 36. Kg5 Kb7 37. Kf6 Bd5 38. c3 Kc7 39. Kxf5 Kd7 40. Kf6 Bxf3
41. e6+ Ke8 42. Ke5 Bg4 43. f5 Bh3 44. f6 Bg4 45. Kd6 Bh3 46. e7 Kf7 47. Kxc6 1-0

[Event "Lindores Abbey Final 8"]
[Site "chess24.com INT"]
[Date "2020.05.28"]
[Round "2.11"]
[White "Dubov, Daniil"]
[Black "Ding, Liren"]
[Result "1-0"]
[WhiteTitle "GM"]
[BlackTitle "GM"]
[WhiteElo "2699"]
[BlackElo "2791"]
[WhiteFideId "24126055"]
[BlackFideId "8603677"]
[EventDate "2020.05.23"]

1. e4 e5 2. Nc3 Nc6 3. Bc4 Nf6 4. d3 Na5 5. Bb3 Bb4 6. Nf3 Nxb3 7. axb3 O-O 8.
O-O d5 9. Bg5 Bxc3 10. bxc3 dxe4 11. Nxe5 h6 12. Bh4 Bf5 13. Ra5 g5 14. Bg3 Bh7
15. f4 Nd5 16. Qh5 c6 17. Raa1 f6 18. Ng4 Qe8 19. Qxh6 Qg6 20. fxg5 1-0

[Event "Lindores Abbey Final 8"]
[Site "chess24.com INT"]
[Date "2020.05.28"]
[Round "2.12"]
[White "Nakamura, Hikaru"]
[Black "Carlsen, Magnus"]
[Result "0-1"]
[WhiteTitle "GM"]
[BlackTitle "GM"]
[WhiteElo "2736"]
[BlackElo "2863"]
[WhiteFideId "2016192"]
[BlackFideId "1503014"]
[EventDate "2020.05.23"]

1. e4 e5 2. Nf3 Nc6 3. Bb5 Nf6 4. d3 Bc5 5. Bxc6 dxc6 6. Nbd2 Bg4 7. h3 Bh5 8.
a3 Nd7 9. g4 Bg6 10. b4 Bd6 11. Nc4 f6 12. Na5 Qc8 13. Nh4 Nf8 14. Nf5 Ne6 15.
Be3 Kf7 16. c3 Re8 17. h4 Kg8 18. h5 Bf7 19. Qf3 b6 20. Nc4 Bf8 21. O-O a5 22.
Qg3 axb4 23. cxb4 h6 24. Rfd1 b5 25. Nd2 c5 26. bxc5 Bxc5 27. Bxc5 Nxc5 28. Nf3
Qd7 29. Kh2 Be6 30. Rac1 Nb3 31. Rc3 Rxa3 32. d4 b4 33. Rcd3 Nxd4 34. N3xd4 exd4
35. Rxa3 bxa3 36. Rxd4 Qb5 37. Qxc7 Bxf5 38. exf5 Qb2 39. Qc4+ Kh8 40. Kg3 a2
41. Qa4 Qb8+ 0-1